| 000 | 00414nam a2200169Ia 4500 | ||
|---|---|---|---|
| 008 | 230524s9999 xx 000 0 und d | ||
| 020 | _a9789351340201 | ||
| 082 | _bNOT | ||
| 100 |
_aR.L.Norton _942560 |
||
| 245 | 0 | _aKinematics and Dynamics of Machinery | |
| 250 | _a11 | ||
| 260 |
_aNew Delhi _bOxford _c2011 |
||
| 300 | _a"XIV,769p;" | ||
| 500 | _aQuantity Number: 1 | ||
| 650 | _aMechanics | ||
| 942 | _cBK | ||
| 999 |
_c57522 _d57522 |
||